The fox and the crow / (Record no. 48309)
| 000 -LEADER | |
|---|---|
| fixed length control field | 00345nam a2200121 4500 |
| 020 ## - INTERNATIONAL STANDARD BOOK NUMBER | |
| International Standard Book Number | 9781474964340 |
| 100 ## - MAIN ENTRY--PERSONAL NAME | |
| Personal name | Davidson, Susanna |
| 9 (RLIN) | 37287 |
| 245 ## - TITLE STATEMENT | |
| Title | The fox and the crow / |
| Statement of responsibility, etc | Susanna Davidson & John Joven |
| 260 ## - PUBLICATION, DISTRIBUTION, ETC. (IMPRINT) | |
| Place of publication, distribution, etc | London |
| Name of publisher, distributor, etc | Usborne Publishing |
| Date of publication, distribution, etc | 2020 |
| 300 ## - PHYSICAL DESCRIPTION | |
| Extent | 44 p. |
| Other physical details | col. ill. |
| Dimensions | 21 cm. |
| 490 ## - SERIES STATEMENT | |
| Series statement | An Aesop's Fable |
| 942 ## - ADDED ENTRY ELEMENTS (KOHA) | |
| Source of classification or shelving scheme | |
| Koha item type | Book |
| Withdrawn status | Lost status | Source of classification or shelving scheme | Damaged status | Not for loan | Home library | Current library | Shelving location | Date acquired | Total Checkouts | Full call number | Barcode | Checked out | Date last seen | Date checked out | Price effective from | Koha item type |
|---|---|---|---|---|---|---|---|---|---|---|---|---|---|---|---|---|
| Asian Hope Early Years Library | Asian Hope Early Years Library | Easy Reading | 02/04/2025 | 5 | X DAV | 206926 | 03/13/2026 | 03/13/2026 | 03/13/2026 | 02/04/2025 | Book |